000 00618 a2200193 4500
001 066781
003 OSt
005 20211007124752.0
008
082 _a055.133
_bF76C
100 1 _aForouzan, Behrouz A.
245 1 _aComputer Science: a structured programming approach using C
_cby Behrouz A. Forouzan and Richard F. Gilberg
250 _a3rd ed.
260 _aNew Delhi
_bCengage Learning
_c2008
300 _a1156p.
690 _aStructured programming; C (Computer program language); C++ (Computer program language)
700 _aGilberg, Richard A.
942 _2ddc
_cBK
999 _c782
_d782